000
00338 a2200169 4500
001
182465
020
_a
85-08-06202-8
040
_c
Magnum
100
_a
Caminha, Adolfo
240
1
0
_a
Bom-crioulo
_l
por
245
1
0
_a
Bom-crioulo
300
_a
102
362
0
_a
1999
440
1
_a
Ática
697
_a
LITERATURA GERAL
942
_c
BK
999
_c
182465
_d
182465